000 00303nam a22001097a 4500
082 _aBIT-10 AHM
245 _aKite flying simulation
260 _aislamabad
_bNUST SEECS
_c2013
500 _asupervisior:Dr Hamid mukhtar
856 _uhttp://10.250.8.41:8080/xmlui/handle/123456789/10613
942 _cPR
_2ddc
999 _c12814
_d12814